Detalles MARC
| 000 -LIDER |
| fixed length control field |
02031nam a2200361 a 4500 |
| 001 - NÚMERO DE CONTROL |
| Identificador de número de control |
000012551 |
| 003 - IDENTIFICACDOR DE NÚMERO DE CONTROL |
| control field |
DO-SdBNP |
| 005 - DATE AND TIME OF LATEST TRANSACTION |
| control field |
20180313095004.0 |
| 007 - CAMPOS FIJOS DE DESCRIPCIÓN FÍSICA |
| fixed length control field |
000012551 |
| 008 - ELEMENTOS DE LONGITUD FIJA |
| fixed length control field |
150130s2005 dr ac 000 0 spa d |
| 020 ## - ISBN |
| International Standard Book Number |
9945110519 |
| 040 ## - FUENTE DE CATALOGACIÓN |
| Agencia que crea de manera original el registro |
BPMSU |
| Idioma de catalogación |
spa |
| Agencia que realiza la transcripción |
BPMSU |
| 092 ## - LOCALLY ASSIGNED DEWEY DECIMAL CALL NUMBER |
| Número de clasificación |
373.7 |
| Número de ítem (Cutter) |
M722m 2do. 2005 |
| 100 1# - ASIENTO PRINCIPAL -- NOMBRE PERSONAL |
| Nombre personal |
Molina Moloon, Andrés |
| 245 10 - MENCIÓN DE TITULO |
| Título |
Matemáticas 2 : |
| Subtítulo |
educación media / |
| Mención de responsabilidad |
Andrés Molina Moloon |
| 246 10 - VARIACION DEL TÍTULO |
| Título propiamente dicho o título corto |
Educación média: matemáticas 2 |
| 260 ## - PUBLICACIÓN, DISTRIBUCIÓN, ETC. (PIE DE IMPRENTA) |
| Lugar de publicación, distribución, etc |
Santo Domingo : |
| Nombre del editor, distribuidor, etc. |
Santillana, |
| Fecha de publicación, distribución, etc |
2005. |
| 300 ## - DESCRIPCIÓN FÍSICA |
| Extensión |
279 p. : |
| Otros detalles físicos |
il., retrs. ; |
| Dimensiones |
28 cm. |
| 490 1# - MENCIÓN DE SERIES |
| Mención de serie |
Ámbar |
| 500 ## - NOTA GENERAL |
| Nota general |
La biblioteca posee 2do. curso/primer ciclo |
| 505 1# - NOTA DE CONTENIDO |
| Información miscelánea |
2do. curso / 1er. ciclo -- |
| -- |
unidad 1 -- |
| Título |
El razonamiento matemático -- |
| Información miscelánea |
unidad 2 -- |
| Título |
Estructuras algebraicas -- |
| Información miscelánea |
unidad 3 -- |
| Título |
Factorización de polinomios -- |
| Información miscelánea |
unidad 4 -- |
| Título |
Relaciones y funciones -- |
| -- |
proyecto: El código de barras, I -- |
| Información miscelánea |
unidad 5 -- |
| Título |
Ecuaciones -- |
| Información miscelánea |
unidad 6 -- |
| Título |
Inecuaciones -- |
| Información miscelánea |
unidad 7 -- |
| Título |
Triángulos y cuadriláteros -- |
| Información miscelánea |
unidad 8 -- |
| Título |
Polígonos -- |
| Información miscelánea |
unidad 9 -- |
| Título |
Introducción a la trigonometría -- |
| Información miscelánea |
unidad 10 -- |
| Título |
Relaciones trigonométricas inversas -- |
| Información miscelánea |
unidad 11 -- |
| Título |
Resolución de triángulos -- |
| Información miscelánea |
unidad 12 -- |
| Título |
Ecuaciones trigonométricas -- |
| -- |
Proyecto: Posición de un barco en el mar, I -- |
| Información miscelánea |
unidad 13 -- |
| Título |
Álgebra vectorial -- |
| Información miscelánea |
unidad 14 -- |
| Título |
Transformaciones geométricas -- |
| Información miscelánea |
unidad 15 -- |
| Título |
Sucesiones de números reales -- |
| Información miscelánea |
unidad 16 -- |
| Título |
Estadística y probabilidades -- |
| -- |
Proyecto: Posición de un barco en el mar, II -- |
| 650 #4 - ENCABEZAMIENTO DE MATERIA--TEMÁTICO |
| Término temático o nombre geográfico como elemento de entrada |
MATEMÁTICAS |
| Subdivisión temática general |
ENSEÑANZA SECUNDARIA |
| 650 #4 - ENCABEZAMIENTO DE MATERIA--TEMÁTICO |
| Término temático o nombre geográfico como elemento de entrada |
EDUCACIÓN SECUNDARIA |
| Subdivisión geográfica |
REPÚBLICA DOMINICANA |
| 650 #4 - ENCABEZAMIENTO DE MATERIA--TEMÁTICO |
| Término temático o nombre geográfico como elemento de entrada |
MATEMÁTICAS |
| Subdivisión temática general |
LIBROS DE TEXTOS |
| 650 #4 - ENCABEZAMIENTO DE MATERIA--TEMÁTICO |
| Término temático o nombre geográfico como elemento de entrada |
MATEMÁTICAS |
| Subdivisión temática general |
ESTUDIOS Y EJERCÍCIOS |
| 830 #0 - ASIENTO SECUNDARIO DE SERIE--TÍTULO UNIFORME |
| Título uniforme |
Ámbar |
| 910 ## - VALIDACIÓN |
| Validación |
Validado. Control de calidad MFF |
| 942 ## - ADDED ENTRY ELEMENTS (KOHA) |
| Source of classification or shelving scheme |
Dewey Decimal Classification |
| Koha item type |
Libros |
| 945 ## - INFORMACIÓN DE PROCESAMIENTO LOCAL |
| Información de procesamiento local |
Remanejado para la BNPHU / 2018 BT |
| 956 ## - LOCAL ELECTRONIC LOCATION AND ACCESS (OCLC) |
| Nombre de host |
DGARCIA |
| Número de acceso |
10 |
| Información de compresión |
20150706 |
| Inicio de sesión |
BND01 |
| Procesador de solicitud |
1326 |
| 956 ## - LOCAL ELECTRONIC LOCATION AND ACCESS (OCLC) |
| Nombre de host |
YLOCKWARD |
| Número de acceso |
10 |
| Información de compresión |
20150708 |
| Inicio de sesión |
BND01 |
| Procesador de solicitud |
1151 |
| 956 ## - LOCAL ELECTRONIC LOCATION AND ACCESS (OCLC) |
| Nombre de host |
VMATEO |
| Número de acceso |
10 |
| Información de compresión |
20150713 |
| Inicio de sesión |
BPMSU |
| Procesador de solicitud |
00151 |